000 00866nam a22001937a 4500
005 20260416155822.0
008 260416b |||||||| |||| 00| 0 eng d
020 _a041500716X (pbk)
040 _cUE-CL
082 _a973.9
_bW391
100 _aWebster, Duncan
245 _aLooka yonder
_c/ Duncan Webster
260 _aNew York:
_bRoutledge,
_c1988
300 _a271 p.
505 _a1 Family fields: the farming narrative 2 Country images: from Steinbeck's Okies to Hollywood's heartland 3 Sam Shepard's cowboy mouth: representing masculinity 4 'Things fall apart': loss in recent American fiction 5 American crime: 'Debts no honest man could pay' 6 'Are you ready for the country?': tradition and American music 7 The long reaction: 'Americanization' and cultural criticism
546 _aEnglish
650 _aLooka--Yonder
942 _cBK
999 _c26078
_d26077